[Event "NM for klubblag 2017"]
[Site "Scandic Kristiansund"]
[Date "2017.10.20"]
[Round "4"]
[White "Haug, Johannes"]
[Black "Vestby-Ellingsen, Mads"]
[Result "1/2-1/2"]
[WhiteElo "2363"]
[BlackElo "2159"]
[Annotator "05benbjo"]
[PlyCount "65"]
[EventDate "2017.??.??"]

1. d4 d5 2. c4 c6 3. cxd5 cxd5 4. Bg5 Nc6 5. Nc3 Nf6 6. Bxf6 gxf6 7. e3 e6 8.
Nge2 Bd6 9. g3 O-O 10. Nf4 f5 11. Bd3 Bd7 12. O-O Bxf4 13. gxf4 Qh4 14. Kh1 Kh8
15. Qf3 Rg8 16. Rg1 a6 17. Rg3 Ne7 18. Rag1 Rg6 19. Ne2 Rag8 20. R1g2 Nc8 21.
Ng1 Nd6 22. Qd1 Qh6 23. Rh3 Qg7 24. Rxg6 Qxg6 25. Rg3 Qh6 26. Nf3 f6 27. Rxg8+
Kxg8 28. Nd2 Kf8 29. Be2 Ke7 30. Qg1 Kf7 31. Qg3 Bb5 32. Bxb5 Nxb5 33. Kg2
1/2-1/2

[Event "NM for klubblag 2017"]
[Site "Scandic Kristiansund"]
[Date "2017.10.20"]
[Round "4"]
[White "Røyset, Pål"]
[Black "Tryggestad, Andreas G"]
[Result "1/2-1/2"]
[WhiteElo "2197"]
[BlackElo "2212"]
[Annotator "05benbjo"]
[PlyCount "102"]
[EventDate "2017.??.??"]

1. e4 c5 2. Nc3 e6 3. d3 d5 4. g3 Nf6 5. Bg2 Nc6 6. Bg5 dxe4 7. dxe4 Qxd1+ 8.
Rxd1 Be7 9. Nb5 O-O 10. Ne2 a6 11. Nd6 Rd8 12. Nxc8 Raxc8 13. Rxd8+ Rxd8 14. a3
h6 15. Bd2 Ng4 16. f4 e5 17. Bf3 Nf6 18. Bc3 b5 19. Kf2 b4 20. Bxe5 Nxe5 21.
fxe5 Nd7 22. Nf4 Nxe5 23. Nd5 Kf8 24. axb4 cxb4 25. Ra1 Rc8 26. Bd1 Rc6 27. b3
Bc5+ 28. Kg2 f5 29. exf5 Rd6 30. Nf4 Rd2+ 31. Kh3 Kf7 32. Ng6 Kf6 33. Rxa6+
Kxf5 34. g4+ Ke4 35. Re6 Bd6 36. Bf3+ Kxf3 37. Nxe5+ Bxe5 38. Rxe5 Rxc2 39. Rb5
g5 40. Rxb4 Rc3 41. Rc4 Rxb3 42. Rc2 Kf4+ 43. Kg2 Kxg4 44. Rc4+ Kf5 45. Rc5+
Kg6 46. Rc6+ Kh5 47. h3 Rb8 48. Kg3 Rg8 49. Ra6 Rg6 50. Rxg6 Kxg6 51. h4 gxh4+
1/2-1/2

[Event "NM for klubblag 2017"]
[Site "Scandic Kristiansund"]
[Date "2017.10.20"]
[Round "4"]
[White "Nordquelle, Daniel"]
[Black "Schouten, Mathias Lind"]
[Result "1-0"]
[WhiteElo "2068"]
[BlackElo "1667"]
[Annotator "05benbjo"]
[PlyCount "69"]
[EventDate "2017.??.??"]

1. e4 e5 2. Nf3 Nc6 3. Bc4 Nf6 4. d3 Bc5 5. O-O O-O 6. Nbd2 Re8 7. Re1 Bf8 8.
c3 d6 9. Bb3 Be6 10. Bc2 Ne7 11. d4 Ng6 12. Nf1 c6 13. Ne3 Qc7 14. d5 cxd5 15.
exd5 Bg4 16. h3 Bxf3 17. Qxf3 Nf4 18. Kh2 Qc5 19. Rd1 b5 20. g3 Ng6 21. Ng4
Nxg4+ 22. hxg4 b4 23. Be3 Qa5 24. c4 Qc7 25. b3 a5 26. Be4 a4 27. Kg2 axb3 28.
axb3 Ra5 29. g5 Nh8 30. Bxh7+ Kxh7 31. Qh5+ Kg8 32. Rh1 f6 33. Rxa5 Qxa5 34.
Qxe8 Qa2 35. Qe6+
1-0

[Event "NM for klubblag 2017"]
[Site "Scandic Kristiansund"]
[Date "2017.10.20"]
[Round "4"]
[White "Thingstad, Even"]
[Black "Christiansen, Johan-Sebastian"]
[Result "0-1"]
[WhiteElo "2160"]
[BlackElo "2459"]
[Annotator "05benbjo"]
[PlyCount "68"]
[EventDate "2017.??.??"]

1. d4 Nf6 2. c4 c5 3. d5 b5 4. cxb5 a6 5. bxa6 g6 6. Nc3 Bg7 7. e4 O-O 8. Nf3
Qa5 9. Bd2 Bxa6 10. Bxa6 Qxa6 11. Qe2 e6 12. Qxa6 Nxa6 13. O-O Rfb8 14. b3 exd5
15. exd5 Nb4 16. Rac1 d6 17. a4 Nbxd5 18. Nb5 Ne4 19. Rfd1 Ra6 20. Rc4 f5 21.
Ng5 Nxd2 22. Rxd2 Rxb5 23. Rxd5 Rxb3 24. g3 Bf6 25. Ne6 Rb7 26. Nf4 Kf7 27. Rd2
Be5 28. Nd5 Rba7 29. Nc3 Bxc3 30. Rxc3 Ke6 31. Re3+ Kd7 32. Rc3 Kc6 33. Rcd3
Rd7 34. Ra3 c4
0-1

[Event "NM for klubblag 2017"]
[Site "Scandic Kristiansund"]
[Date "2017.10.20"]
[Round "4"]
[White "Holm, Kristian Stuvik"]
[Black "Kolås, Tore"]
[Result "1-0"]
[WhiteElo "2433"]
[BlackElo "2119"]
[Annotator "05benbjo"]
[PlyCount "81"]
[EventDate "2017.??.??"]

1. Nf3 c5 2. c4 g6 3. d4 cxd4 4. Nxd4 Nc6 5. e4 Nf6 6. Nc3 d6 7. Be2 Nxd4 8.
Qxd4 Bg7 9. Be3 O-O 10. Qd2 Be6 11. Rc1 Qa5 12. f3 Rfc8 13. b3 a6 14. Na4 Qxd2+
15. Kxd2 Nd7 16. g4 f5 17. exf5 gxf5 18. h3 Rf8 19. f4 Rad8 20. Nc3 d5 21. cxd5
Nf6 22. Bb6 Nxd5 23. Nxd5 Bxd5 24. Bxd8 Rxd8 25. Ke3 Bxh1 26. Rxh1 Bd4+ 27. Kf3
fxg4+ 28. hxg4 Kg7 29. g5 Bc5 30. Rc1 b6 31. Bxa6 Ra8 32. Bd3 h6 33. gxh6+ Kxh6
34. a4 Kg7 35. Rh1 Rh8 36. Rxh8 Kxh8 37. Ke4 Kg7 38. Kd5 Kf6 39. a5 Be3 40. a6
b5 41. Kc6
1-0

[Event "NM for klubblag 2017"]
[Site "Scandic Kristiansund"]
[Date "2017.10.20"]
[Round "4"]
[White "Tofte, Sondre Waage"]
[Black "Kaasen, Tor Fredrik"]
[Result "1/2-1/2"]
[WhiteElo "2132"]
[BlackElo "2320"]
[Annotator "05benbjo"]
[PlyCount "62"]
[EventDate "2017.??.??"]

1. e4 c5 2. Nf3 e6 3. d4 cxd4 4. Nxd4 Nc6 5. Nc3 Qc7 6. Be2 Nf6 7. O-O Be7 8.
Be3 O-O 9. Kh1 d6 10. f4 Nxd4 11. Qxd4 b6 12. e5 dxe5 13. fxe5 Nd7 14. Bf3 Ba6
15. Bxa8 Bxf1 16. Rxf1 Rxa8 17. Nb5 Qc6 18. a4 Bc5 19. Qc3 Qe4 20. Bxc5 bxc5
21. b3 a6 22. Re1 Qb4 23. Qxb4 cxb4 24. Nd6 Rd8 25. Nc4 Nc5 26. Kg1 Rd4 27. Kf2
Nxa4 28. Ke3 Rg4 29. Kf3 Rd4 30. Ke3 Rg4 31. Kf3 Rd4
1/2-1/2

[Event "NM for klubblag 2017"]
[Site "Scandic Kristiansund"]
[Date "2017.10.20"]
[Round "4"]
[White "Kvisvik, Brede Alex."]
[Black "Laverton, Christian"]
[Result "1-0"]
[WhiteElo "2311"]
[BlackElo "2064"]
[Annotator "05benbjo"]
[PlyCount "75"]
[EventDate "2017.??.??"]

1. Nf3 d5 2. d4 Nf6 3. c4 c6 4. g3 dxc4 5. Bg2 Nbd7 6. O-O e6 7. a4 a5 8. Na3
Nb6 9. Ne5 Bb4 10. Naxc4 Nxc4 11. Nxc4 O-O 12. Qd3 Ra6 13. Rd1 Qe7 14. b3 Rd8
15. Bb2 Bd7 16. Qc2 Be8 17. Ne5 Raa8 18. Nd3 Rac8 19. Nxb4 axb4 20. e4 c5 21.
d5 exd5 22. exd5 Qd6 23. Bc1 Bd7 24. Bf4 Qa6 25. Bf1 Qa7 26. h3 Re8 27. Bg2 Qa6
28. Re1 Rxe1+ 29. Rxe1 b5 30. axb5 Bxb5 31. Be5 Nd7 32. Bb2 Bd3 33. Qd2 Qg6 34.
h4 h5 35. Re7 Rd8 36. Qf4 Nf8 37. Qc7 Ra8 38. Qxc5
1-0

[Event "NM for klubblag 2017"]
[Site "Scandic Kristiansund"]
[Date "2017.10.20"]
[Round "5"]
[White "Øye-Strømberg, Alexander"]
[Black "Vucenovic, Lazar"]
[Result "1-0"]
[WhiteElo "1469"]
[BlackElo "2128"]
[PlyCount "93"]
[EventDate "2017.??.??"]

1. d4 Nf6 2. c4 g6 3. Nc3 Bg7 4. e4 d6 5. f4 O-O 6. Nf3 c5 7. d5 e6 8. Be2 exd5
9. cxd5 b5 10. e5 Ng4 11. h3 b4 12. Ne4 Nh6 13. Nxd6 Nf5 14. Nxf5 Bxf5 15. Be3
Be4 16. Bxc5 Nd7 17. Bxf8 Bxf3 18. Bxf3 Qh4+ 19. Ke2 Rxf8 20. e6 Nb6 21. g3
Qxg3 22. e7 Re8 23. d6 Qxf4 24. Qd2 Qe5+ 25. Kf2 Nd7 26. Rac1 Bf6 27. h4 Qa5
28. Rc7 Qb6+ 29. Kg2 Ne5 30. d7 Nxd7 31. Rxd7 Rxe7 32. h5 Re5 33. hxg6 hxg6 34.
Rd6 Rg5+ 35. Qxg5 Qxd6 36. Qe3 Bg7 37. Rd1 Qa6 38. Rd7 Qxa2 39. Bd5 Qxb2+ 40.
Kh3 Qc3 41. Rxf7 Kh8 42. Qxc3 Bxc3 43. Rxa7 Bg7 44. Kg4 Bd4 45. Rb7 b3 46. Kg5
b2 47. Kxg6
1-0

[Event "NM for klubblag 2017"]
[Site "Scandic Kristiansund"]
[Date "2017.10.20"]
[Round "5"]
[White "Vestby-Ellingsen, Mads"]
[Black "Odde, Eilif"]
[Result "1-0"]
[WhiteElo "2159"]
[BlackElo "1992"]
[PlyCount "35"]
[EventDate "2017.??.??"]

1. d4 d5 2. c4 c6 3. Nf3 Nf6 4. e3 e6 5. Nbd2 Nbd7 6. Bd3 Bd6 7. e4 dxe4 8.
Nxe4 Nxe4 9. Bxe4 Nf6 10. Bc2 O-O 11. O-O c5 12. Bg5 cxd4 13. Qxd4 Be7 14. Qh4
Re8 15. Bxf6 Bxf6 16. Qxh7+ Kf8 17. Ba4 Bxb2 18. Rad1
1-0

[Event "NM for klubblag 2017"]
[Site "Scandic Kristiansund"]
[Date "2017.10.20"]
[Round "5"]
[White "Unneland, Mathias"]
[Black "Shehzad, Shazil"]
[Result "1/2-1/2"]
[WhiteElo "1736"]
[BlackElo "1707"]
[PlyCount "95"]
[EventDate "2017.??.??"]

1. e4 c5 2. Nc3 Nc6 3. f4 g6 4. Nf3 Bg7 5. Bb5 Nd4 6. O-O Nxb5 7. Nxb5 d5 8.
exd5 a6 9. Nc3 Nf6 10. Qe2 Nxd5 11. Nxd5 Qxd5 12. Re1 Bf6 13. h3 O-O 14. Ne5 b5
15. Ng4 Bd4+ 16. Kh2 Bxg4 17. hxg4 Rad8 18. c3 Bg7 19. a4 c4 20. b4 e5 21. axb5
axb5 22. f5 e4 23. Qf2 Qd6+ 24. g3 Be5 25. Rh1 Kg7 26. Qe3 Qd3 27. Ra5 Qxe3 28.
dxe3 Rb8 29. Ra6 Rfd8 30. Rf1 Bxc3 31. Ra7 Rf8 32. g5 h6 33. gxh6+ Kxh6 34. Rf4
gxf5 35. Rxf5 Kg6 36. g4 f6 37. Ra6 Bxb4 38. Kg3 Rbd8 39. Rxb5 Be1+ 40. Kf4 Rd1
41. Ba3 Rf7 42. Rg5+ Kh6 43. Rh5+ Kg7 44. Rc6 c3 45. Rc8 Bd2 46. Rch8 c2 47.
R8h7+ Kg8 48. Rh8+
1/2-1/2

[Event "NM for klubblag 2017"]
[Site "Scandic Kristiansund"]
[Date "2017.10.20"]
[Round "5"]
[White "Tryggestad, Andreas G"]
[Black "Dahl, Trygve"]
[Result "1-0"]
[WhiteElo "2212"]
[BlackElo "2185"]
[Annotator "05benbjo"]
[PlyCount "75"]
[EventDate "2017.??.??"]

1. e4 d6 2. d4 Nf6 3. Nc3 g6 4. f3 c6 5. h4 h5 6. Be3 b5 7. Qd2 a6 8. a4 b4 9.
Nce2 a5 10. Nf4 Ba6 11. Bxa6 Nxa6 12. Ngh3 Nd7 13. Ng5 e5 14. Ne2 Bg7 15. c3
Nb6 16. Qd3 d5 17. dxe5 Bxe5 18. Bd4 Nd7 19. f4 Nac5 20. Bxc5 Nxc5 21. Qe3 Bd6
22. exd5+ Be7 23. cxb4 axb4 24. dxc6 O-O 25. O-O Nxa4 26. Rac1 Nxb2 27. c7 Qd7
28. Qb3 Bf6 29. f5 gxf5 30. Qg3 Kh8 31. Qf3 Kg7 32. Ng3 Qd4+ 33. Rf2 Kg8 34.
Nxf5 Qe5 35. Qxh5 Bxg5 36. Qxg5+ Kh7 37. Qh5+ Kg8 38. Nh6+
1-0

[Event "NM for klubblag 2017"]
[Site "Scandic Kristiansund"]
[Date "2017.10.20"]
[Round "5"]
[White "Shehzad, Alisha"]
[Black "Hausken, Aleksander Skrede"]
[Result "1-0"]
[WhiteElo "1516"]
[BlackElo "646"]
[PlyCount "33"]
[EventDate "2017.??.??"]

1. e4 c5 2. Nc3 d6 3. f4 Nc6 4. Nf3 Bd7 5. g3 e6 6. Bg2 g6 7. d4 cxd4 8. Nxd4
Bg7 9. Ndb5 d5 10. exd5 exd5 11. Bxd5 Qb8 12. Bxf7+ Ke7 13. Bb3 a6 14. Nd5+ Ke8
15. Nbc7+ Kd8 16. Nxa8 Qxa8 17. Nb6
1-0

[Event "NM for klubblag 2017"]
[Site "Scandic Kristiansund"]
[Date "2017.10.20"]
[Round "5"]
[White "Romanov, Evgeny"]
[Black "Urkedal, Frode Olav Olsen"]
[Result "0-1"]
[WhiteElo "2596"]
[BlackElo "2580"]
[Annotator "05benbjo"]
[PlyCount "78"]
[EventDate "2017.??.??"]

1. Nf3 Nf6 2. d3 g6 3. e4 Bg7 4. Be2 c5 5. c3 O-O 6. O-O Nc6 7. Nbd2 e5 8. Nc4
d6 9. Bg5 h6 10. Bh4 Be6 11. Ne3 Qb6 12. Qc2 Nh5 13. Nd2 Nf4 14. Bf3 Qc7 15.
Bg3 b5 16. Rfe1 Rab8 17. h3 Ne7 18. a4 c4 19. dxc4 bxc4 20. Bxf4 exf4 21. Nd5
Nxd5 22. exd5 Bf5 23. Qc1 Bd3 24. a5 Rb5 25. a6 Rfb8 26. Ra2 Qb6 27. Re7 Bf6
28. Rd7 Rxb2 29. Rxb2 Qxb2 30. Qxb2 Rxb2 31. Ne4 Bxe4 32. Bxe4 Bxc3 33. Rxa7
Bd4 34. Rc7 Ra2 35. Rxc4 Ra1+ 36. Kh2 Bxf2 37. g4 fxg3+ 38. Kg2 Rxa6 39. Rc6
Ra2
0-1

[Event "NM for klubblag 2017"]
[Site "Scandic Kristiansund"]
[Date "2017.10.20"]
[Round "5"]
[White "Risting, Eivind Olav"]
[Black "Holm, Kristian Stuvik"]
[Result "1-0"]
[WhiteElo "2323"]
[BlackElo "2433"]
[Annotator "05benbjo"]
[PlyCount "89"]
[EventDate "2017.??.??"]

1. e4 e5 2. Nf3 Nc6 3. Nc3 Nf6 4. Bb5 Bc5 5. O-O O-O 6. Bxc6 dxc6 7. Nxe5 Re8
8. Nf3 Nxe4 9. Nxe4 Rxe4 10. d3 Re8 11. d4 Bf8 12. h3 Be6 13. Bf4 Bd5 14. Ne5
f6 15. Nd3 Bc4 16. b3 Bf7 17. c3 a5 18. Nb2 Qd7 19. Qf3 b6 20. Rfe1 Rac8 21.
Qg3 Rxe1+ 22. Rxe1 c5 23. dxc5 Bxc5 24. Rd1 Qc6 25. Nd3 Bf8 26. Ne1 a4 27. c4
a3 28. Nc2 Bh5 29. Rd2 b5 30. Nd4 Qe4 31. Nxb5 g5 32. Be3 Bb4 33. Rd7 Bf8 34.
Nxc7 Qb1+ 35. Kh2 Qxa2 36. Nd5 Qb2 37. Ra7 a2 38. Rxa2 Qxa2 39. Nxf6+ Kf7 40.
Nxh5 Qxb3 41. Qf3+ Ke8 42. Nf6+ Kf7 43. Nd7+ Kg8 44. Qd5+ Kh8 45. Nxf8
1-0

[Event "NM for klubblag 2017"]
[Site "Scandic Kristiansund"]
[Date "2017.10.20"]
[Round "5"]
[White "Ribe, Kristin"]
[Black "Gundersen, Ola Holmen"]
[Result "0-1"]
[WhiteElo "830"]
[BlackElo "1508"]
[PlyCount "70"]
[EventDate "2017.??.??"]

1. d4 Nf6 2. c4 e6 3. Nf3 Bb4+ 4. Nbd2 d5 5. e3 c5 6. a3 Bxd2+ 7. Nxd2 b6 8.
Bd3 Nc6 9. b4 cxd4 10. exd4 Nxd4 11. Bb2 Nc6 12. Rc1 Bb7 13. O-O d4 14. Qe2 Rc8
15. c5 bxc5 16. Rxc5 Qd6 17. Nf3 Nd7 18. Rc4 Ba6 19. Rcc1 Bxd3 20. Qxd3 e5 21.
Rfe1 O-O 22. Ng5 Qg6 23. Qxg6 hxg6 24. Nf3 f6 25. b5 Ncb8 26. Rxc8 Rxc8 27. Rc1
Rxc1+ 28. Bxc1 Nb6 29. Kf1 N8d7 30. Ke2 Nc5 31. Ne1 Ne6 32. Nd3 Nc7 33. a4 Nxa4
34. Ba3 Nxb5 35. Nc5 Nac3+
0-1

[Event "NM for klubblag 2017"]
[Site "Scandic Kristiansund"]
[Date "2017.10.20"]
[Round "5"]
[White "Nyland, Thomas"]
[Black "Hestholm, Sverre"]
[Result "1-0"]
[WhiteElo "2063"]
[BlackElo "1532"]
[Annotator "05benbjo"]
[PlyCount "123"]
[EventDate "2017.??.??"]

1. e4 e5 2. Nf3 Nf6 3. Nxe5 d6 4. Nf3 Nxe4 5. Nc3 Nxc3 6. dxc3 Be7 7. Bd3 Nc6
8. Be3 Be6 9. Nd4 Nxd4 10. cxd4 d5 11. O-O Qd7 12. b3 Bf6 13. a4 Bf5 14. Bf4
Bxd3 15. Qxd3 O-O 16. Be5 Bxe5 17. dxe5 f6 18. f4 fxe5 19. fxe5 c6 20. c4 d4
21. Qe4 Rad8 22. e6 Rfe8 23. Rae1 Qd6 24. Rf2 d3 25. Rd2 Qd4+ 26. Qxd4 Rxd4 27.
Re3 Kf8 28. Rf3+ Kg8 29. Rfxd3 Rxd3 30. Rxd3 Rxe6 31. Rd7 b5 32. axb5 cxb5 33.
cxb5 Rb6 34. Rd5 Rb7 35. Kf2 Kf7 36. Ke3 Ke6 37. Kd4 Rf7 38. Kc4 Rf2 39. Rg5
Kf6 40. Rg3 Re2 41. Kc5 Re6 42. Rf3+ Ke7 43. b4 Re5+ 44. Kc6 Re6+ 45. Kb7 Rb6+
46. Kxa7 Rxb5 47. Rb3 Kd8 48. Ka6 Rg5 49. Rg3 Rh5 50. Rxg7 Rxh2 51. b5 Rh1 52.
b6 Ra1+ 53. Kb5 Rb1+ 54. Kc6 Rc1+ 55. Kb7 Rc2 56. Rxh7 Rxg2 57. Rh4 Rb2 58.
Rd4+ Ke7 59. Kc7 Rc2+ 60. Kb8 Rb2 61. b7 Rb1 62. Kc7
1-0

[Event "NM for klubblag 2017"]
[Site "Scandic Kristiansund"]
[Date "2017.10.20"]
[Round "5"]
[White "Nilsen, Roy Andre"]
[Black "Tevasvoll, Svein"]
[Result "1/2-1/2"]
[WhiteElo "712"]
[BlackElo "1186"]
[PlyCount "44"]
[EventDate "2017.??.??"]

1. e4 e5 2. Nf3 Nc6 3. Bc4 Bc5 4. d3 h6 5. Be3 Bxe3 6. fxe3 d6 7. Nc3 Nf6 8.
Qe2 Bg4 9. h3 Bd7 10. O-O-O Qe7 11. Nd5 Nxd5 12. Bxd5 O-O-O 13. d4 exd4 14.
exd4 Nb8 15. g4 Bc6 16. Qc4 Bxd5 17. Qxd5 Qe6 18. Qf5 g6 19. Qxe6+ fxe6 20. e5
d5 21. Rhf1 Rhf8 22. Nd2 Nd7
1/2-1/2

[Event "NM for klubblag 2017"]
[Site "Scandic Kristiansund"]
[Date "2017.10.20"]
[Round "5"]
[White "Nesse, David"]
[Black "Hausken, Andreas Skrede"]
[Result "1-0"]
[WhiteElo "1650"]
[BlackElo "1351"]
[PlyCount "35"]
[EventDate "2017.??.??"]

1. e4 e5 2. Nf3 Nf6 3. Nxe5 d6 4. Nf3 Nxe4 5. Nc3 Nxc3 6. dxc3 Be7 7. Bd3 Nc6
8. Bf4 Be6 9. O-O O-O 10. Re1 Re8 11. Qd2 h6 12. Bxh6 gxh6 13. Qxh6 Bf6 14.
Bh7+ Kh8 15. Rxe6 Rxe6 16. Bg6+ Kg8 17. Qh7+ Kf8 18. Qxf7#
1-0

[Event "NM for klubblag 2017"]
[Site "Scandic Kristiansund"]
[Date "2017.10.20"]
[Round "5"]
[White "Moen, Ole Christian"]
[Black "Unhjem, Bjørn Robert Løvoll"]
[Result "1/2-1/2"]
[WhiteElo "2122"]
[BlackElo "1634"]
[Annotator "05benbjo"]
[PlyCount "115"]
[EventDate "2017.??.??"]

1. e4 c5 2. Nc3 Nc6 3. Nf3 g6 4. Bb5 Bg7 5. O-O d6 6. h3 e6 7. Bxc6+ bxc6 8. e5
dxe5 9. Re1 Qc7 10. Qe2 Ne7 11. Ne4 Nf5 12. c3 O-O 13. d3 h6 14. Nxc5 Rd8 15.
Nxe5 Rd5 16. Nxg6 Rxc5 17. d4 Rd5 18. Nf4 Rd8 19. Nh5 Qe7 20. Qf3 Rd5 21. Re4
Nh4 22. Qg4 Ng6 23. c4 e5 24. Qd1 Rxd4 25. Rxd4 exd4 26. Nxg7 Kxg7 27. Qxd4+
Qe5 28. Be3 Qxd4 29. Bxd4+ f6 30. Re1 Kf7 31. Re3 Be6 32. Rf3 f5 33. Rb3 Rd8
34. Rb7+ Rd7 35. Rxd7+ Bxd7 36. Bxa7 Ne5 37. b3 Ke6 38. Be3 h5 39. Kf1 Ng6 40.
f4 Bc8 41. g3 Kd6 42. Ke2 c5 43. a3 Ba6 44. Kd3 Nf8 45. b4 cxb4 46. axb4 Ne6
47. Kc3 Bb7 48. Kb3 Bg2 49. h4 Nc7 50. Bc5+ Kd7 51. Bd4 Ne8 52. Be5 Nd6 53.
Bxd6 Kxd6 54. Kc3 Bf3 55. Kd4 Bb7 56. b5 Bf3 57. c5+ Ke6 58. Kc4
1/2-1/2

[Event "NM for klubblag 2017"]
[Site "Scandic Kristiansund"]
[Date "2017.10.20"]
[Round "5"]
[White "Lundeby, Øyvind Andersen"]
[Black "Nordquelle, Daniel"]
[Result "1/2-1/2"]
[WhiteElo "2085"]
[BlackElo "2068"]
[Annotator "05benbjo"]
[PlyCount "114"]
[EventDate "2017.??.??"]

1. e3 Nf6 2. Nf3 g6 3. d4 Bg7 4. c4 c5 5. dxc5 Na6 6. Nc3 Nxc5 7. Be2 O-O 8.
O-O b6 9. Nd4 Bb7 10. b3 Qc7 11. Bb2 Rfd8 12. Rc1 Rac8 13. Qc2 Qb8 14. Qb1 Nfe4
15. Rfd1 f5 16. Nxe4 Bxe4 17. Qa1 f4 18. f3 Bb7 19. e4 Qe5 20. Bc3 Qg5 21. Nb5
Bxc3 22. Nxc3 d6 23. Nd5 Nd7 24. a4 e6 25. Nc3 Qc5+ 26. Kf1 Ne5 27. Nb5 Nc6 28.
Nd4 Kf7 29. Nxc6 Bxc6 30. Qd4 Rd7 31. Rd2 Rcd8 32. Rcd1 a6 33. Rd3 g5 34. R1d2
h5 35. h3 Qxd4 36. Rxd4 Kf6 37. Ke1 Ke5 38. Kd1 Rb8 39. Kc2 Rbb7 40. Kc3 b5 41.
cxb5 axb5 42. a5 Rdc7 43. Kb4 d5 44. exd5 Bxd5 45. R4d3 Kd6 46. Ra2 Rc4+ 47.
Ka3 b4+ 48. Kb2 Rc8 49. Rd2 Ra7 50. Ra4 Rb8 51. a6 Kc5 52. Rc2+ Kd4 53. Bc4 Ke3
54. Re2+ Kd4 55. Rd2+ Ke3 56. Re2+ Kd4 57. Rd2+ Ke3
1/2-1/2

[Event "NM for klubblag 2017"]
[Site "Scandic Kristiansund"]
[Date "2017.10.20"]
[Round "5"]
[White "Jacobsen, Fredrik Lytomt"]
[Black "Løbersli, Henrik Øie"]
[Result "0-1"]
[WhiteElo "1183"]
[BlackElo "2008"]
[Annotator "05benbjo"]
[PlyCount "108"]
[EventDate "2017.??.??"]

1. d4 Nf6 2. Nc3 d5 3. Bf4 c5 4. e3 cxd4 5. exd4 a6 6. Bd3 Nc6 7. Nge2 Bg4 8.
Qd2 e6 9. O-O Bh5 10. a3 Bd6 11. Rfe1 O-O 12. h3 b5 13. Qe3 Bg6 14. Bxg6 hxg6
15. Bxd6 Qxd6 16. Nf4 Na5 17. b3 Rfc8 18. Rec1 Rc7 19. Nce2 Rac8 20. Ra2 Ne4
21. b4 Nc3 22. Raa1 Nxe2+ 23. Nxe2 Nc4 24. Qd3 Nb6 25. c3 Na4 26. Ra2 Qe7 27.
Rac2 Qf6 28. Qe3 Nb6 29. Nf4 Qf5 30. Ne2 Nc4 31. Qg3 Rc6 32. Ra2 Qe4 33. Qf4
Qxf4 34. Nxf4 Nb6 35. Ne2 Na4 36. Rac2 g5 37. Kh2 f6 38. f4 gxf4 39. Nxf4 Kf7
40. Ne2 e5 41. dxe5 fxe5 42. Kg3 d4 43. Kf3 d3 44. Rd2 dxe2 45. Kxe2 Ke6 46.
Re1 Nxc3+ 47. Kf1 Rd6 48. Rc2 Rc4 49. Rec1 Rd3 50. Ke1 e4 51. g4 Rxh3 52. g5 e3
53. Rxc3 Rh1+ 54. Ke2 Rxc1
0-1

[Event "NM for klubblag 2017"]
[Site "Scandic Kristiansund"]
[Date "2017.10.20"]
[Round "5"]
[White "Isachsen, Harald"]
[Black "Svensen, Tarjei Joten"]
[Result "0-1"]
[WhiteElo "1439"]
[BlackElo "2005"]
[Annotator "05benbjo"]
[PlyCount "71"]
[EventDate "2017.??.??"]

1. e4 e6 2. Nf3 d5 3. exd5 exd5 4. d4 Bg4 5. Be2 Bd6 6. Bg5 Ne7 7. Bh4 Nbc6 8.
Bg3 O-O 9. c3 Re8 10. O-O Ng6 11. Nbd2 Bf4 12. Re1 Qf6 13. Qc2 Re7 14. Bd3 Rae8
15. Rxe7 Rxe7 16. Re1 Rxe1+ 17. Nxe1 Nce7 18. Nef3 c6 19. Qb1 h5 20. Qe1 h4 21.
Bxf4 Nxf4 22. Ne5 Qg5 23. Qe3 Nf5 24. Bxf5 Qxf5 25. Nxg4 Qxg4 26. Qf3 Qg5 27.
Nf1 g6 28. Ne3 Kg7 29. Qg4 Qxg4 30. Nxg4 Nd3 31. b3 Nc1 32. Ne3 Ne2+ 33. Kf1
Nxc3 34. Nc2 Nxa2 35. Ke2 Nc3+ 36. Kd3
0-1

[Event "NM for klubblag 2017"]
[Site "Scandic Kristiansund"]
[Date "2017.10.20"]
[Round "5"]
[White "Hovden, Hans"]
[Black "Vike, Kristian T"]
[Result "1-0"]
[WhiteElo "1530"]
[BlackElo "1026"]
[PlyCount "83"]
[EventDate "2017.??.??"]

1. c4 e5 2. Nc3 Nf6 3. Nf3 Nc6 4. e3 d6 5. d4 Bg4 6. Be2 e4 7. Nd2 Bxe2 8. Qxe2
d5 9. cxd5 Nxd5 10. Ndxe4 Nxc3 11. Nxc3 Bd6 12. O-O O-O 13. Bd2 Ne7 14. Qf3 c6
15. Ne4 Bc7 16. Bb4 Re8 17. Nc3 Ng6 18. a4 Nh4 19. Qe2 Re6 20. g3 Nf5 21. Qg4
Nh6 22. Qf3 Rg6 23. Rad1 Ng4 24. h3 Nf6 25. d5 cxd5 26. Nxd5 Nxd5 27. Rxd5 Qf6
28. Qxf6 Rxf6 29. Bc3 Rd6 30. Rfd1 Rxd5 31. Rxd5 Rd8 32. Rxd8+ Bxd8 33. Kg2 f6
34. Kf3 Kf7 35. Ke4 Bc7 36. Kd5 Ke7 37. a5 Kd7 38. b4 b6 39. axb6 axb6 40. Bd4
Bd6 41. b5 Kc7 42. e4
1-0

[Event "NM for klubblag 2017"]
[Site "Scandic Kristiansund"]
[Date "2017.10.20"]
[Round "5"]
[White "Hoem, Tor Wetle"]
[Black "Al-Tarbosh, Ward"]
[Result "0-1"]
[WhiteElo "1852"]
[BlackElo "2235"]
[Annotator "05benbjo"]
[PlyCount "76"]
[EventDate "2017.??.??"]

1. d4 d5 2. c4 c6 3. Nc3 Nf6 4. cxd5 cxd5 5. Bf4 Bf5 6. e3 Nc6 7. Bd3 Bxd3 8.
Qxd3 e6 9. Nge2 Bd6 10. Bg3 O-O 11. O-O Qd7 12. f3 e5 13. Bh4 exd4 14. Nxd4 Be5
15. Nce2 Rfe8 16. a3 Qc7 17. Bg3 Nh5 18. f4 Bxd4 19. Nxd4 Nxg3 20. hxg3 Qb6 21.
Rfe1 Re4 22. Qb5 Nxd4 23. Qxb6 axb6 24. exd4 Rxd4 25. Re7 Rc8 26. Rae1 h5 27.
Rxb7 Rd2 28. Rxb6 Rcc2 29. Rb3 Rxg2+ 30. Kh1 h4 31. gxh4 Rg4 32. Rd1 Rxh4+ 33.
Kg1 Rg4+ 34. Kh1 Rxf4 35. Rb5 d4 36. b4 Rg4 37. Rd5 Rc3 38. Kh2 Rxa3
0-1

[Event "NM for klubblag 2017"]
[Site "Scandic Kristiansund"]
[Date "2017.10.20"]
[Round "5"]
[White "Hestholm, Gustav"]
[Black "Simensen, Vegard"]
[Result "0-1"]
[WhiteElo "1345"]
[BlackElo "1909"]
[Annotator "05benbjo"]
[PlyCount "104"]
[EventDate "2017.??.??"]

1. e4 c5 2. c3 d5 3. exd5 Nf6 4. Bb5+ Nbd7 5. Nf3 Nxd5 6. d4 e6 7. O-O Bd6 8.
Bg5 Qb6 9. Bxd7+ Bxd7 10. Qc2 cxd4 11. Nxd4 O-O 12. Nd2 Rac8 13. N2b3 Bb8 14.
Bh4 e5 15. Nf3 f6 16. Rad1 Bc6 17. Qf5 Rce8 18. Bg3 Kh8 19. h4 Ne7 20. Qh3 Be4
21. Rd2 Bf5 22. Qh2 Bg4 23. h5 Nf5 24. Kh1 Qa6 25. Ra1 Nxg3+ 26. fxg3 Rd8 27.
h6 g6 28. Qh4 Bxf3 29. gxf3 Rxd2 30. Nxd2 Qe2 31. Qb4 Rf7 32. Qc4 Qxc4 33. Nxc4
Rd7 34. Ne3 Kg8 35. Rd1 Rxd1+ 36. Nxd1 Kf7 37. Ne3 Ke6 38. Kg2 b6 39. Kf2 Bc7
40. Ke2 Bd8 41. Kf2 Be7 42. g4 f5 43. gxf5+ gxf5 44. Ng2 Bg5 45. Kg3 Bxh6 46.
Nh4 Bd2 47. Kf2 Bg5 48. Ng2 Kd5 49. b3 h5 50. Ke2 h4 51. Kf2 h3 52. Ne1 Bh4+
0-1

[Event "NM for klubblag 2017"]
[Site "Scandic Kristiansund"]
[Date "2017.10.20"]
[Round "5"]
[White "Hansen, Jan-Erik"]
[Black "Jacobsen, Stig Jerlow"]
[Result "0-1"]
[WhiteElo "1194"]
[BlackElo "917"]
[PlyCount "105"]
[EventDate "2017.??.??"]

1. e4 d5 2. exd5 Nf6 3. Nc3 Nxd5 4. Nxd5 Qxd5 5. Nf3 Bf5 6. c4 Qa5 7. Be2 Nc6
8. a3 e6 9. O-O Be7 10. d4 a6 11. Bd2 Qb6 12. c5 Qxb2 13. Bg5 Bxg5 14. Nxg5
Qxd4 15. Qxd4 Nxd4 16. Rfe1 Nc2 17. Rac1 Nxe1 18. Rxe1 O-O 19. g4 Bg6 20. Rc1
h6 21. Nh3 Rad8 22. Nf4 Rd4 23. Nxg6 fxg6 24. Rb1 Rd2 25. Kf1 Rc2 26. Rxb7 Rxc5
27. Ra7 a5 28. Bd3 Kh7 29. Ra6 c6 30. Be4 Rf4 31. Bxc6 Rxg4 32. Be8 Re5 33. Bf7
Rge4 34. Ra8 g5 35. Bg8+ Kg6 36. Rf8 Rf4 37. Re8 Rf6 38. Rc8 h5 39. Rc2 g4 40.
Re2 Rxe2 41. Kxe2 h4 42. Kf1 Kg5 43. Bh7 g3 44. hxg3 hxg3 45. Bd3 Rxf2+ 46. Kg1
Kf4 47. Bc4 e5 48. Bd5 e4 49. Bc4 e3 50. Bb5 e2 51. Bxe2 Rxe2 52. a4 Kf3 53.
Kf1
0-1